Central Library OPAC University of Rajshahi

Commercial fertilizers, their sources and use. / (Record no. 76317)

MARC details
000 -LEADER
fixed length control field 00819nam a22002533 4500
001 - CONTROL NUMBER
control field 76317
003 - CONTROL NUMBER IDENTIFIER
rucl marc code BD-RjUL
005 - DATE AND TIME OF LATEST TRANSACTION
control field 20211209082827.0
008 - FIXED-LENGTH DATA ELEMENTS--GENERAL INFORMATION
fixed length control field 191125s1948 enk 000 0 eng d
035 ## - SYSTEM CONTROL NUMBER
System control number (BD-RjUL)76538
040 ## - CATALOGING SOURCE
Original cataloging agency EQO
Transcribing agency EQO
Language of cataloging eng
041 ## - LANGUAGE CODE
Language code of text/sound track or separate title eng
082 ## - DEWEY DECIMAL CLASSIFICATION NUMBER
Edition number 23
Classification number 668.62
Author mark and year COC 1948
100 1# - MAIN ENTRY--PERSONAL NAME
Personal name Collings, Gilbeart H.
Fuller form of name (Gilbeart Hooper),
Dates associated with a name 1895-1964
9 (RLIN) 235366
245 10 - TITLE STATEMENT
Title Commercial fertilizers, their sources and use. /
Statement of responsibility, etc. by Gilbeart H. Collings
250 ## - EDITION STATEMENT
Edition statement 4th ed.
260 ## - PUBLICATION, DISTRIBUTION, ETC. (IMPRINT)
Place of publication, distribution, etc. Philadelphia , Torondo :
Date of publication, distribution, etc. 1948.
Name of publisher, distributor, etc. The Blakiston co. ,
300 ## - PHYSICAL DESCRIPTION
Pagination 522 p. :
Illustrations ill. ,
Size 23 cm
490 1# - SERIES STATEMENT
Series statement Blakiston books on agriculture
650 ## - SUBJECT ADDED ENTRY--TOPICAL TERM
Topical term or geographic name as entry element Fertilizers.
9 (RLIN) 235367
830 #0 - SERIES ADDED ENTRY--UNIFORM TITLE
Uniform title Blakiston books on agriculture
942 ## - ADDED ENTRY ELEMENTS (KOHA)
Source of classification or shelving scheme Dewey Decimal Classification
Koha item type Books
Holdings
Lost status Source of classification or shelving scheme Damaged status Not for loan Collection code Permanent Location Current Location Shelving location Date acquired Total Checkouts Full call number Date last seen Copy number Koha item type
  Dewey Decimal Classification   Not For Loan Non-fiction Central Library, University of Rajshahi Central Library, University of Rajshahi Reading Room 23/11/2019   668.62 COC 1948 23/11/2019 C-1 Books